Statistics for Ten Most Popular Pets Besides Dogs and Cats

Click here to take the quiz!

General Stats

  • This quiz has been taken 69 times
  • The average score is 6 of 10

Answer Stats

Answer% Correct
Fish
92%
Hamster
88%
Bird
80%
Rabbit
76%
Guinea Pig
66%
Horse
64%
Turtle
53%
Ferret
37%
Chicken
32%
Bearded Dragon
8%

Score Distribution

Percentile by Number Answered

Percent of People with Each Score

Your Score History

You have not taken this quiz